Japońska imigracja według państw - Statystyki

Ogólne statystyki
  • Ten quiz został rozwiązany 170 razy
  • Średni wynik to 19 z 24
Statystyki odpowiedzi
Ludzie Państwo % Poprawnych
821 838 Chiny
99%
63 408 Stany Zjednoczone
99%
48 352 Indie
96%
410 156 Korea Południowa
96%
10 878 Rosja
91%
149 101 Indonezja
89%
11 242 Kanada
87%
61 771 Tajlandia
86%
565 026 Wietnam
86%
322 046 Filipiny
85%
15 054 Francja
81%
11 256 Malezja
81%
19 909 Wielka Brytania
80%
64 663 Tajwan
78%
211 840 Brazylia
76%
23 750 Kambodża
75%
19 490 Mongolia
75%
18 671 Korea Północna
70%
25 334 Pakistan
67%
27 962 Bangladesz
64%
86 546 Mjanma
64%
176 336 Nepal
61%
46 949 Sri Lanka
45%
52 564 Peru
36%
Nie znaleziono quizów pasujących do podanych kryteriów
Rozkład punktacji
Procent ludzi z każdym wynikiem
Percentyl według liczby udzielonych odpowiedzi
Twoja historia wyników
Nie rozwiązałeś tego quizu